000 00467nam a2200181Ia 4500
001 13152
005 20260306163032.0
008 260306t2016||||xx |||||||||||||| ||spa||
041 _aESP
082 _a372.83044
_bA66
100 _aAranda Hernando, Ana María
_eAUT
245 0 _aDidáctica de las ciencias sociales en educación infantil
260 _c2016
300 _a358 páginas :
_c23 cm.
650 _aGEN
654 _aCED
942 _cLIB
_dJUS
_fJUS
_2ddc
_n
999 _c13152
_d13152